Just-in-time (Registro nro. 3203)

Detalles MARC
000 -LEADER
fixed length control field 01207 a2200241 4500
001 - CONTROL NUMBER
control field 40361
005 - DATE AND TIME OF LATEST TRANSACTION
control field 20260407155657.0
008 - FIXED-LENGTH DATA ELEMENTS--GENERAL INFORMATION
fixed length control field 260407a1992 arg spa d
003 - CONTROL NUMBER IDENTIFIER
control field AR-UNSa-BCEJYS
040 ## - CATALOGING SOURCE
Original cataloging agency AR-UNSa-BCEJYS
Language of cataloging spa
Transcribing agency AR-UNSa-BCEJYS
080 ## - UNIVERSAL DECIMAL CLASSIFICATION NUMBER
Universal Decimal Classification number 658.51
Common auxiliary subdivision Organización de la producción
020 ## - INTERNATIONAL STANDARD BOOK NUMBER
International Standard Book Number 84-7615-903-X
041 ## - LANGUAGE CODE
Language code of text/sound track or separate title spa
100 1# - MAIN ENTRY--PERSONAL NAME
Personal name O´Grady, P.J.
245 10 - TITLE STATEMENT
Title Just-in-time
Name of part/section of a work una estrategia fundamental para los jefes de producción
264 #1 - PRODUCTION, PUBLICATION, DISTRIBUTION, MANUFACTURE, AND COPYRIGHT NOTICE
Place of production, publication, distribution, manufacture Madrid :
Name of producer, publisher, distributor, manufacturer McGraw-Hill
Date of production, publication, distribution, manufacture, or copyright notice 1992
300 ## - PHYSICAL DESCRIPTION
Extent 129 p.
Dimensions 24 cm.
505 ## - FORMATTED CONTENTS NOTE
Formatted contents note 1. Introducción - 2. Gestión tradicional de la producción - 3. Visión global del Just-in-time - 4. Primaer Fase: cómo poner el sistema en marcha - 5. Segunda fase: educación, clave del éxito - 6. Tercera fase: mejorar los procesos - 7. Cuarta fase: mejoras en el control - 8. Quinta fase: relación proveedor/cliente - 9. Puesta en práctica del JIT: La vía segura - 10. Resumen y conclusión - Bibliografía y conclusión -
590 ## - LOCAL NOTE (RLIN)
Local note niveau_biblio:m niveau_hierar:0
700 1# - ADDED ENTRY--PERSONAL NAME
Personal name Instituto Internacional de Finanzas
856 41 - ELECTRONIC LOCATION AND ACCESS
Uniform Resource Identifier <a href="https://biblioeco.unsa.edu.ar/pmb/images/libros/L85627_.jpg">https://biblioeco.unsa.edu.ar/pmb/images/libros/L85627_.jpg</a>
Link text Imagen de portada
Electronic format type image/jpeg
942 ## - ADDED ENTRY ELEMENTS (KOHA)
Koha item type
Existencias
Withdrawn status Lost status Damaged status Not for loan Home library Current library Shelving location Date acquired Total checkouts Full call number Barcode Date last seen Price effective from Koha item type
        Biblioteca Prof. Eusebio Cleto del Rey Biblioteca Prof. Eusebio Cleto del Rey   07/04/2026   658.51 O35 L85647 07/04/2026 07/04/2026 Libro
        Biblioteca Prof. Eusebio Cleto del Rey Biblioteca Prof. Eusebio Cleto del Rey   07/04/2026   658.51 O35 L86341 07/04/2026 07/04/2026 Libro
        Biblioteca Prof. Eusebio Cleto del Rey Biblioteca Prof. Eusebio Cleto del Rey   07/04/2026   658.51 O35 L86342 07/04/2026 07/04/2026 Libro